|
|
|
|
| LEADER |
01046nam a22003252a 4500 |
| 001 |
001087390 |
| 003 |
CZ BrMZK |
| 005 |
20100219070534.0 |
| 007 |
ta |
| 008 |
100219s1956 xr a er|||||||||||cze d |
| 015 |
|
|
|a cnb000724958
|
| 035 |
|
|
|a (OCoLC)85455979
|
| 040 |
|
|
|a ABA001
|b cze
|c KLG001
|d ABA001
|
| 100 |
1 |
|
|a Simon, Jaroslav,
|d 1906-1990
|7 jk01111326
|4 aut
|
| 245 |
1 |
0 |
|a Theorie předení :
|b určeno pro posluchače fak. strojního inž., spec. textilní.
|n 1. díl /
|c Jaroslav Simon
|
| 250 |
|
|
|a 1. vyd.
|
| 260 |
|
|
|a Praha :
|b SNTL,
|c 1956
|
| 300 |
|
|
|a 273 s. ;
|c 4°
|
| 490 |
1 |
|
|a Učební texty vysokých škol
|
| 500 |
|
|
|a 360 výt.
|
| 500 |
|
|
|a Vyd. Vysoká škola strojní v Liberci
|
| 500 |
|
|
|a Přehl. lit.
|
| 500 |
|
|
|a S il.
|
| 710 |
2 |
|
|a Vysoká škola strojní
|7 kn20010709410
|
| 830 |
|
0 |
|a Učební texty vysokých škol
|
| 910 |
|
|
|a BOA001
|b TK-A-0066.968,1
|
| 990 |
|
|
|a BK
|
| 995 |
|
|
|a 01
|
| 991 |
|
|
|b 201002
|
| 996 |
7 |
|
|b 2629950155
|c TK-A-0066.968,1
|l MZK
|r Sklad / do 24 hodin
|n 0
|w 001111457
|u 000010
|a 1
|e BOA001
|j MZK50
|s A
|